| 000 | 00568nam a2200193 a 4500 | ||
|---|---|---|---|
| 001 | 429 | ||
| 003 | CO-ViMGA | ||
| 008 | 141112s2004 ck r 000 u spa d | ||
| 040 |
_aCO-ViMGA _bspa _cCO-ViMGA |
||
| 082 | 0 | 4 | _a658.5 C658 |
| 100 | 1 |
_aColunga Dávila, Carlos _948223 |
|
| 245 | 1 | 0 |
_aAdministración para la calidad : _bCómo hacer competitiva a nivel mundial una empresa mexicana |
| 260 |
_aMexico : _bPanorama, _c1995 |
||
| 300 | _a3161 p | ||
| 650 | 1 | 4 |
_aADMINISTRACION _9558 |
| 650 | 1 | 4 | _aCALIDAD |
| 650 | 1 | 4 | _aPRODUCCION - ADMINISTRACION |
| 942 |
_2ddc _cBK |
||
| 999 |
_c12671 _d12671 |
||